Технология и оборудование кузнечно-штамповочного производства

Մատենագիտական մանրամասներ
Համատեղ հեղինակ: Академия наук СССР (АН СССР) Всесоюзный институт научной и технической информации (ВИНИТИ)
Լեզու:ռուսերեն
Հրապարակվել է: Москва, Изд-во ВИНИТИ, 1975-1987
Շարք:Итоги науки и техники
Технология и оборудование кузнечно-штамповочного производства
Ձևաչափ: MixedMaterials Պարբերական
KOHA link:https://koha.lib.tpu.ru/cgi-bin/koha/opac-detail.pl?biblionumber=272444

MARC

LEADER 00000nas1a2200000 4500
001 272444
005 20231031225724.0
011 |a 0202-7690 
035 |a (RuTPU)RU\TPU\book\295650 
090 |a 272444 
100 |a 20141017b19751987k y0rusy5003 ca 
101 0 |a rus 
102 |a RU 
110 |a zyuzz 0uu0 
200 1 |a Технология и оборудование кузнечно-штамповочного производства  |f Академия наук СССР (АН СССР), Всесоюзный институт научной и технической информации (ВИНИТИ) 
210 |a Москва  |c Изд-во ВИНИТИ  |d 1975-1987 
225 1 |a Итоги науки и техники 
225 1 |a Технология и оборудование кузнечно-штамповочного производства 
305 |a Издается с 1975 г. 
712 0 2 |a Академия наук СССР (АН СССР)  |b Всесоюзный институт научной и технической информации (ВИНИТИ)  |c (Москва)  |c (1955-1991)  |2 stltpush  |3 (RuTPU)RU\TPU\col\8361 
801 1 |a RU  |b 63413507  |c 20141017 
801 2 |a RU  |b 63413507  |c 20231010  |g RCR 
942 |c CR